Witamy w Bibliotece Naukowej Instytutu Łączności!

Badania kompatybilności elektromagnetycznej urządzeń elektrycznych i elektronicznych / (Rekord nr 15291)

000 -LEADER
fixed length control field 01755cam a2200433 i 4500
005 - DATE AND TIME OF LATEST TRANSACTION
control field 20171212141450.0
008 - FIXED-LENGTH DATA ELEMENTS--GENERAL INFORMATION
fixed length control field 021119s2001 pl a |000 0 pol c
020 ## - INTERNATIONAL STANDARD BOOK NUMBER
International Standard Book Number 8370856071
035 ## - SYSTEM CONTROL NUMBER
System control number zz2002944915
039 #9 - LEVEL OF BIBLIOGRAPHIC CONTROL AND CODING DETAIL [OBSOLETE]
Level of rules in bibliographic description 201606091459
Level of effort used to assign nonsubject heading access points kopilwa
Level of effort used to assign subject headings 201504071848
Level of effort used to assign classification kopumk
Level of effort used to assign subject headings 201412021332
Level of effort used to assign classification kopwat
Level of effort used to assign subject headings 201410081139
Level of effort used to assign classification pski
-- 200211191356
-- buw
040 ## - CATALOGING SOURCE
Original cataloging agency WA U/RB
Transcribing agency WA U/RB
Modifying agency WA U/EMB
-- WR 16/jw
-- WR 16/ks
-- LUBL 64/MJ
-- BYDG 22/ET
-- WR 16/sb
100 1# - MAIN ENTRY--PERSONAL NAME
Personal name Więckowski, Tadeusz Wiesław
Dates associated with a name (1952- ).
245 10 - TITLE STATEMENT
Title Badania kompatybilności elektromagnetycznej urządzeń elektrycznych i elektronicznych /
Statement of responsibility, etc Tadeusz W. Więckowski.
260 ## - PUBLICATION, DISTRIBUTION, ETC. (IMPRINT)
Place of publication, distribution, etc Wrocław :
Name of publisher, distributor, etc Oficyna Wydawnicza Politechniki Wrocławskiej,
Date of publication, distribution, etc 2001.
300 ## - PHYSICAL DESCRIPTION
Extent 348 s. :
Other physical details il. ;
Dimensions 24 cm.
490 1# - SERIES STATEMENT
Series statement Biblioteka Kompatybilności Elektromagnetycznej
504 ## - BIBLIOGRAPHY, ETC. NOTE
Bibliography, etc Bibliogr. s. 332-348.
530 ## - ADDITIONAL PHYSICAL FORM AVAILABLE NOTE
Additional physical form available note Dostępny również jako dokument elektroniczny.
650 ## - SUBJECT ADDED ENTRY--TOPICAL TERM
Topical term or geographic name as entry element Urządzenia elektroniczne
General subdivision badania.
650 ## - SUBJECT ADDED ENTRY--TOPICAL TERM
Topical term or geographic name as entry element Urządzenia elektryczne
General subdivision badania.
650 ## - SUBJECT ADDED ENTRY--TOPICAL TERM
Topical term or geographic name as entry element Kompatybilność elektromagnetyczna
General subdivision badania.
951 ## - EQUIVALENCE OR CROSS-REFERENCE-GEOGRAPHIC NAME/AREA NAME [OBSOLETE] [CAN/MARC only]
Geographic name KIEL_008
710 2# - ADDED ENTRY--CORPORATE NAME
Corporate name or jurisdiction name as entry element Politechnika Wrocławska.
Subordinate unit Oficyna Wydawnicza.
Relator code pbl
830 #0 - SERIES ADDED ENTRY--UNIFORM TITLE
Uniform title Biblioteka Kompatybilności Elektromagnetycznej
856 41 - ELECTRONIC LOCATION AND ACCESS
Uniform Resource Identifier http://www.dbc.wroc.pl/publication/262
982 ## - EQUIVALENCE OR CROSS-REFERENCE-SERIES STATEMENT--CONFERENCE OR MEETING NAME/TITLE [LOCAL, CANADA]
Meeting name or jurisdiction name as entry element BYDG_22
920 ## -
-- 83-7085-607-1
953 ## -
-- KR_93
959 ## -
-- LUBL_64
961 ## -
-- WA_310 WA_510 WA_M
962 ## -
-- KR_U
967 ## - ADDITIONAL ESTC CODES (RLIN)
GNR (RLIN) LUBL_U
968 ## -
-- TOR_U
970 ## -
-- WA_901 WA_U
971 ## -
-- L_U L_30
974 ## -
-- WR_16
980 ## - EQUIVALENCE OR CROSS-REFERENCE-SERIES STATEMENT--PERSONAL NAME/TITLE [LOCAL, CANADA]
Personal name SZCZ_ZUT
Egzemplarze
Withdrawn status Lost status Source of classification or shelving scheme Damaged status Not for loan Permanent Location Current Location Shelving location Date acquired Cost, normal purchase price Inventory number Full call number Barcode Date last seen Price effective from Koha item type
          Instytut Łączności Instytut Łączności Magazyn 2004-07-19 32.00 39750 39750 39750 2019-12-03 2017-11-30 Książki

Działa dzięki Koha